Dofleins violinskola: en studiegang för violinspelet förbunden med musiklära och övning i aktivt musicerande genom duettspel

Uloženo v:
Podrobná bibliografie
Hlavní autoři: Doflein, Erich (Autor), Doflein, Elma (Autor)
Médium: Hudebnina Kniha
Jazyk:švédština
Vydáno: Mainz B. Schott's Söhne 1961
Edice:Edition Schott, 5251
Témata:
Tagy: Přidat tag
Žádné tagy, Buďte první, kdo vytvoří štítek k tomuto záznamu!

MARC

LEADER 00000ncm a2200000 a 4500
001 UCN8748
003 CL-VaPUC
005 20250228122902.0
008 011116e19610000GW |||||||||||||||||swe|d
999 |c 298502  |d 298500 
040 |c Pontificia Universidad Católica de Valparaíso 
082 0 4 |a Vn787.2193 DOF 1961  |b DOF  |2 21 
100 0 |a Doflein, Erich  |e author  |9 465198 
245 1 0 |a Dofleins violinskola: en studiegang för violinspelet förbunden med musiklära och övning i aktivt musicerande genom duettspel 
260 |a Mainz  |b B. Schott's Söhne  |c 1961 
300 |a v 
490 0 |a Edition Schott, 5251 
500 |a v.1: Början 
583 |a last modification  |c 20011116 00:00:00  |k Rodrigo Vera 
650 0 |a Violín  |x Técnicas de ejecución  |9 462624 
650 0 |a Violín  |x Estudio e instrucción  |9 462623 
650 0 |a Violín  |x Estudio y ejercicios  |9 462626 
650 0 |a Pedagogía instrumental  |2 CL-VaPUC  |9 324009 
650 0 |a Violín  |x Interpretación  |9 462625 
650 0 |a Violín  |x Repertorio  |9 462649 
700 0 |a Doflein, Elma  |e author  |9 465199 
942 |c BK  |2 ddc 
945 |d 20011116 00:00:00  |a lriquelm 
952 |0 0  |1 0  |2 ddc  |4 0  |6 VN_787_219300000000000_DOF_1961  |7 0  |8 F  |9 354122  |a BIBEDU  |b BIBEDU  |d 2019-11-21  |h v.1  |i 1179349  |o Vn787.2193 DOF 1961  |p 1179349  |r 2023-11-22  |w 2019-11-21  |y PA  |k MUS